00310 a2200133 450000100060000002000180000604000220002410000250004624000350007124500300010630000080013636200090014465000230015362858 a9788501077660 cAnchieta - Pituba aTerezza, Cristovão10aContos para ler na escolalpor10aContos para ler na escola a1230 a2007 4aLiteratura juvenil